000 01213nam a22002417a 4500
001 7903
003 FISKH
005 20250813140011.0
008 250813b cb ||||| |||| 00| 0 eng d
020 _a9789995060244
040 _aFISKH
_bkhr
_cFISKH
_dFISKH
050 _aPZ7
082 _a959.6042 092
100 _aMey, Chum
245 _aការរស់រានមានជីវិត /
_cជុំ មុី និងមជ្ឈមណ្ឌលឯកសារកម្ពុជា​ ប្រែសម្រួលដោយ គឹម ស្រូយ សុខវិសាល និងសឺម សូរិយា​
260 _aPhnom Penh :
_bមជ្ឈមណ្ឌលឯកសារកម្ពុជា ,
_c2012.
300 _a112 pages :
_billustrations ;
_c21 cm .
520 _aសៀវភៅនេះគឺជា ប្រវត្តិជីវិតមនុស្សរស់រានមានជីវិតពីរបបខ្មែរក្រហមដ៏ខ្មៅងងឺត ។
520 _aThis book is the life story of a survivor from the dark and brutal Khmer Rouge regime.
700 _aTakayasi, Marico
_ePhtographer
942 _2ddc
_cBK
_n0
999 _c7903
_d7903